00515nam a2200193 a 4500001001300000003000900013005001700022008004100039020001000080082001700090100002000107245003600127260004100163300000900204500003500213505002800248650002500276700002000301nice12345678IN_TiNIC20260116015008.0050524s1975 newa grp 000 0 eng  ac10000a324.623bREI aReiter, Rayna R aToward an Anthropology of Women aNew YorkbMonthly Review Pressc1975 a416p aincludes index and biblioraphy2 aForeign Parts 1701-1950 aWomen-Social Justice1 aReiter, Rayna R